[Event "ch-Europe Internet Blitz"]
[Site "playchess.com INT"]
[Date "2003.11.09"]
[Round "3.3"]
[White "Vlassov,N"]
[Black "Bischoff,K"]
[Result "1-0"]
[WhiteElo "2466"]
[BlackElo "2564"]

1.e4 c5 2.c3 Nf6 3.e5 Nd5 4.d4 cxd4 5.cxd4 d6 6.Nf3 e6 7.Na3 Nc6 8.Nc4 dxe5
9.dxe5 Be7 10.Qc2 O-O 11.a3 Bd7 12.Bd3 g6 13.Bh6 Re8 14.O-O Rc8 15.b3 b5
16.Nd6 Bxd6 17.exd6 Nd4 18.Qd1 Nxf3+ 19.Qxf3 Bc6 20.Qg3 Qd7 21.Rfe1 Rcd8
22.a4 bxa4 23.bxa4 Qxd6 24.Qh4 Qe7 25.Qc4 Rc8 26.h4 Red8 27.Bg5 f6 28.Bh6 Be8
29.Qe4 Bf7 30.h5 Nb4 31.Bc4 Re8 32.Rac1 a5 33.hxg6 hxg6 34.Red1 Rc5 35.Bb5 Rxc1
36.Rxc1 Rd8 37.Be3 e5 38.Bb6 Rb8 39.Bxa5 Nd5 40.Qf3 e4 41.Qg3 Ra8 42.Bd2 f5
43.Bc6 Ra6 44.Bxd5 Bxd5 45.Rc8+  1-0

[Event "7th BayEM"]
[Site "Bad Wiessee GER"]
[Date "2003.11.11"]
[Round "4"]
[White "Hillenbrand,A"]
[Black "Handke,F"]
[Result "0-1"]
[WhiteElo "2174"]
[BlackElo "2476"]

1.e4 c5 2.c3 Nf6 3.e5 Nd5 4.Bc4 Nb6 5.Bb3 c4 6.Bc2 Nc6 7.Nf3 Qc7 8.Qe2 g5
9.Na3 g4 10.Nb5 Qb8 11.Ng5 Nxe5 12.d4 cxd3 13.Bxd3 Nxd3+ 14.Qxd3 Qe5+ 15.Kf1 h6
16.f4 Qc5 17.Be3 Qc6 18.Re1 Nc4 19.Nd4 Qa6  0-1

[Event "Friendship GM"]
[Site "Cartak CZE"]
[Date "2003.11.12"]
[Round "2"]
[White "Vokac,M"]
[Black "Bernasek,J"]
[Result "0-1"]
[WhiteElo "2462"]
[BlackElo "2365"]

1.e4 c5 2.c3 Nf6 3.e5 Nd5 4.d4 cxd4 5.Qxd4 e6 6.Nf3 Nc6 7.Qe4 Qc7 8.Nbd2 d6
9.Nc4 dxe5 10.Ncxe5 Bd6 11.Bb5 O-O 12.Nxc6 bxc6 13.Ba4 f5 14.Qh4 Ba6 15.Bd2 Nf4
16.Bxf4 Bxf4 17.g3 Bh6 18.Bb3 c5 19.Bc4 Bb7 20.Be2 Qb6 21.b3 Qa5 22.Qc4 Bd5
23.Qd3 c4 24.Qd4 cxb3 25.O-O b2 26.Rab1 Bc1 27.Ne5 Bxa2 28.Rfxc1 bxc1=Q+
29.Rxc1 Rad8 30.Qf4 Qc5 31.h4 Bd5 32.h5 h6 33.Ng6 Rfe8 34.Qe5 Qd6 35.Bb5 Bc6
36.Bc4 Ba8 37.Bb5 Qxe5 38.Nxe5 Re7 39.c4 Rc7 40.Re1 Rc5 41.f4 Rd2 42.Ra1 Rg2+
43.Kf1 Rxg3 44.Rxa7 Be4 45.Re7 Rc8 46.Kf2 Rb3 47.Rxe6 Ra8 48.Re8+ Rxe8 49.Bxe8 Kf8
50.Bd7 Ke7 51.c5 Rc3 52.c6 Kd6 53.Nf7+ Kc7 54.Ne5 Rh3 55.Be8 Kd8 56.Bf7 Rc3
57.Be6 Bxc6 58.Bxf5 Be8 59.Bg4 Ke7 60.Kg2 Kd6 61.Kf2 Kd5 62.Bf3+ Kd4 63.Kg2 Bb5
64.Kf2 Ra3 65.Kg2 Bc4 66.Nc6+ Ke3 67.Kg3 Ra1 68.Ne5 Be6 69.Bg2 Ra4 70.Ng6 Bf7
71.f5 Bxg6 72.hxg6 Rf4 73.Bh3 Ke4  0-1

[Event "ch-UKR"]
[Site "Simferopol UKR"]
[Date "2003.11.12"]
[Round "9"]
[White "Vysochin,S"]
[Black "Zubarev,A1"]
[Result "1-0"]
[WhiteElo "2584"]
[BlackElo "2460"]

1.e4 c5 2.c3 Nf6 3.e5 Nd5 4.Nf3 e6 5.Bc4 d6 6.d4 Nc6 7.O-O cxd4 8.cxd4 Nb6
9.Bd3 Nb4 10.Bg5 Be7 11.Bxe7 Qxe7 12.Nc3 Nxd3 13.Qxd3 dxe5 14.dxe5 O-O 15.Ne4 Rd8
16.Nd6 Nd5 17.Rac1 Bd7 18.Nd4 Be8 19.Rce1 Rxd6 20.exd6 Qxd6 21.Rd1 Rc8 22.Rfe1 Qb6
23.Qb3 Qc7 24.h3 Rd8 25.Nf5 Bc6 26.Nd4 Bd7 27.Nf3 h6 28.Rc1 Qb8 29.Ne5 Be8
30.Rc4 b6 31.Qg3 f6 32.Nc6 Qxg3 33.fxg3 Bxc6 34.Rxc6 e5 35.Rd1 Rd7 36.g4 Kf7
37.Kf2 Ke7 38.h4 Nf4 39.Rxd7+ Kxd7 40.Rc4 a5 41.Kf3 Nd3 42.b3 Nc5 43.Rc1 Ke6
44.Rd1 Nb7 45.h5 Ke7 46.Ke3 Ke6 47.Kd3 Kd5 48.Rd2 Kd6 49.a3 Ke6 50.Rc2 Kd7
51.b4 a4 52.b5 Nc5+ 53.Kc4 Ne6 54.Rd2+ Nd4 55.Rb2 Nb3 56.Kd5 Nc5 57.Rb4 Kc7
58.Rc4 Kb7 59.Rc1 Kc8 60.Rf1 Kd7 61.g5 Ke7 62.gxh6 gxh6 63.Kc6 e4 64.Kxb6 Nd3
65.Kc7 e3 66.Rf3  1-0

[Event "Friendship IM"]
[Site "Cartak CZE"]
[Date "2003.11.13"]
[Round "4"]
[White "De Roda Husman,J"]
[Black "Michenka,J"]
[Result "1/2-1/2"]
[WhiteElo "2272"]
[BlackElo "2339"]

1.e4 c5 2.c3 Nf6 3.e5 Nd5 4.Nf3 Nc6 5.Bc4 Nb6 6.Bb3 d5 7.exd6 Qxd6 8.Na3 a6
9.O-O e6 10.d4 cxd4 11.cxd4 Be7 12.Be3 O-O 13.Qe2 Nb4 14.Rac1 Bd7 15.Ne5 Rac8
16.Rxc8 Bxc8 17.Rc1 Bd7 18.Nac4 Nxc4 19.Nxc4 Qb8 20.Ne5 Qd6 21.Nc4 Qb8 22.Ne5 Qd8
23.Qf3 Bc8 24.Qe4 Re8 25.Bd2 Nd5 26.Bc2 Nf6 27.Qh4 g6 28.Bb3 Nd7 29.Qf4 Nxe5
30.dxe5 Bd7 31.Rd1 Qc7 32.Qg3 Bb5 33.Bg5 Rd8 34.Rxd8+ Qxd8 35.Bxe7 Qxe7 36.Qc3 Qd8
37.h3 Kg7 38.Kh2 Bc6 39.f3 h5 40.Qe3 Qh4 41.Bc2 Qb4 42.Bb3 Qh4 43.Bc2 Qb4
44.Bb3 Qh4  1/2-1/2

[Event "TCh-SLO"]
[Site "Celje SLO"]
[Date "2003.11.17"]
[Round "2"]
[White "Mikac,M"]
[Black "Hulak,K"]
[Result "1/2-1/2"]
[WhiteElo "2358"]
[BlackElo "2557"]

1.e4 c5 2.c3 Nf6 3.e5 Nd5 4.d4 cxd4 5.Nf3 d6 6.cxd4 Nc6 7.Bc4 e6 8.O-O Be7
9.Qe2 O-O 10.Qe1 Qc7 11.Qe4 Bd7 12.Qg4 Kh8 13.Qh5 dxe5 14.dxe5 Ncb4 15.Na3 Nc2
16.Nxc2 Qxc4 17.Ne3 Nxe3 18.Bxe3 Bc6 19.Ng5 Qc2 20.Nxf7+ Kg8 21.Nd6 Qxb2
22.Rfb1 Qc3 23.Rc1 Qd3 24.Rd1 Qg6 25.Qxg6 hxg6 26.Nxb7 Rfb8 27.Nd6  1/2-1/2

[Event "TCh-SLO"]
[Site "Celje SLO"]
[Date "2003.11.18"]
[Round "3"]
[White "Jeric,S"]
[Black "Jelen,Ig"]
[Result "1/2-1/2"]
[WhiteElo "2290"]
[BlackElo "2374"]

1.e4 c5 2.c3 Nf6 3.e5 Nd5 4.d4 cxd4 5.Nf3 Nc6 6.cxd4 d6 7.Bc4 Nb6 8.Bb3 dxe5
9.dxe5 Na5 10.Nc3 f6 11.O-O g6 12.Qe2 Nxb3 13.axb3 Bg7 14.Re1 O-O 15.h3 Bd7
16.Be3 a6 17.Bc5 Nc8 18.Nd2 Rf7 19.Nde4 Bf8 20.Ba3  1/2-1/2

[Event "13th WSen"]
[Site "Bad Zwischenahn GER"]
[Date "2003.11.21"]
[Round "5"]
[White "Hermann,Man"]
[Black "Batakovs,O"]
[Result "1-0"]
[WhiteElo "2324"]
[BlackElo "2141"]

1.e4 c5 2.c3 Nf6 3.e5 Nd5 4.d4 cxd4 5.Nf3 Nc6 6.Bc4 Nb6 7.Bb3 d6 8.exd6 e6
9.cxd4 Bxd6 10.O-O O-O 11.Re1 Bd7 12.Nc3 Rc8 13.a3 Be7 14.Qd3 g6 15.Bh6 Re8
16.d5 exd5 17.Nxd5 Bf5 18.Qc3  1-0

[Event "TCh-SLO"]
[Site "Celje SLO"]
[Date "2003.11.21"]
[Round "6"]
[White "Sermek,D"]
[Black "Borisek,J"]
[Result "1-0"]
[WhiteElo "2568"]
[BlackElo "2445"]

1.e4 c5 2.c3 Nf6 3.e5 Nd5 4.Nf3 Nc6 5.Bc4 Nb6 6.Bb3 d5 7.exd6 Qxd6 8.Na3 Be6
9.d4 cxd4 10.Nb5 Qd7 11.Nbxd4 Nxd4 12.Nxd4 Bxb3 13.Qxb3 g6 14.O-O Bg7 15.Rd1 O-O
16.Nb5 Qc6 17.Be3 Nc8 18.Qd5 Nb6 19.Qb3 Nc8 20.Rd5 b6 21.Rad1 a6 22.Nd4 Qb7
23.Nf3 Nd6 24.Bf4 Nf5 25.a4 Rfc8 26.Rd7 Qc6 27.h3 Rf8 28.Rc7 Qe4 29.Rc4 Qe6
30.Re1 Qd5 31.Rb4 Qxb3 32.Rxb3 e6 33.Rxb6 Rfc8 34.Re4 Ne7 35.Rb7 Nd5 36.Be5 f6
37.Bd6 e5 38.c4 Nf4 39.c5 Ne6 40.b4 Nd8 41.Rd7 Nf7 42.Be7 f5 43.Re1 e4 44.Ng5 Ne5
45.Rb7 Rab8 46.Rb6 Rxb6 47.cxb6 Nd3 48.Rb1 Bd4 49.Bc5 Be5 50.Be3 f4 51.Bc5 a5
52.Nxe4 axb4 53.Bxb4 Rc4 54.Bc3 Rxe4 55.b7 Bc7 56.b8=Q+ Bxb8 57.Rxb8+ Kf7
58.Rd8 Nc5 59.a5 Rc4 60.Be1 Ra4 61.Rd5 Rc4 62.Kf1 Ke6 63.Rd1 Ra4 64.f3 Ra2
65.h4 Nb3 66.Bc3 Rc2 67.Re1+ Kd5 68.Be5 Nxa5 69.Bxf4 Nc6 70.Re8 Rc4 71.Bg5 h6
72.Bxh6 Rxh4 73.Bg7 Rh7 74.Bc3 Re7 75.Rg8 Re6 76.Kf2 Ne7 77.Rd8+ Kc4 78.Bd2 Nc6
79.Rg8 Kd3 80.Be3 Nd4 81.Bxd4 Kxd4 82.Rc8 Ra6  1-0

[Event "TCh-SLO"]
[Site "Celje SLO"]
[Date "2003.11.21"]
[Round "6"]
[White "Pavasovic,D"]
[Black "Mazi,L"]
[Result "1-0"]
[WhiteElo "2586"]
[BlackElo "2422"]

1.e4 c5 2.c3 Nf6 3.e5 Nd5 4.Nf3 Nc6 5.Bc4 Nb6 6.Bb3 c4 7.Bc2 Qc7 8.Qe2 g5
9.h3 Bg7 10.O-O g4 11.hxg4 Nxe5 12.Re1 d6 13.Nxe5 Bxe5 14.d4 cxd3 15.Bxd3 h6
16.Na3 a6 17.Be3 Nd5 18.Nc4 Be6 19.Nxe5 dxe5 20.Bd2 Nf6 21.Bf5 Bxf5 22.gxf5 O-O-O
23.c4 e4 24.Bc3 Rde8 25.Qe3 Rhg8 26.Rad1 Rg5 27.Bxf6 exf6 28.Qa7 Reg8 29.Qa8+ Qb8
30.Qxb8+ Kxb8 31.g3 Re8 32.Rd7 Rxf5 33.Rxf7 Re6 34.b3 Rf3 35.Kg2 Rd3 36.Re2 a5
37.Rh7 a4 38.bxa4 e3 39.Rxe3 Rexe3 40.fxe3 Rxe3 41.Rxh6 Re6 42.Kf3 Rc6 43.c5 Kc8
44.Kf4 Kd7 45.Kf5 Rxc5+ 46.Kxf6 Rc6+ 47.Kg7 Rc2 48.Rb6 Rxa2 49.Rxb7+ Ke6
50.Rb4 Kf5 51.Kh6 Rh2+ 52.Rh4 Rc2 53.g4+ Ke6 54.g5 Rc6 55.g6 Kf5 56.Rh5+ Kf6
57.g7 Rc8 58.Kh7 Rc7 59.Rh6+  1-0

[Event "TCh-SLO"]
[Site "Celje SLO"]
[Date "2003.11.21"]
[Round "6"]
[White "Stevic,H"]
[Black "Kozul,Z"]
[Result "1/2-1/2"]
[WhiteElo "2555"]
[BlackElo "2597"]

1.e4 c5 2.c3 Nf6 3.e5 Nd5 4.d4 cxd4 5.Nf3 Nc6 6.cxd4 d6 7.Bc4 e6 8.O-O Be7
9.exd6 Qxd6 10.Nc3 a6 11.Re1 O-O 12.Bb3 Rd8 13.Nxd5 exd5 14.Ne5 Nxe5 15.Bf4 Qb6
16.Bxe5 Be6 17.Qd3 Bd6 18.Bc2 g6 19.Bf6 Rdc8 20.Bb3 Bf5 21.Qe3 Bxh2+ 22.Kxh2 Qxf6
23.Bxd5 Qd6+ 24.Qe5 Rd8 25.Bf3 Rac8 26.Re2 Qxe5+ 27.dxe5 Rc7 28.b4 g5 29.Rae1 b6
30.Rb2 Be6 31.Re3 Rd4 32.Ra3 Ra7 33.Rc3 Bc4 34.a3 b5 35.Be2 Kg7 36.Rbc2 Bxe2
37.Rxe2 a5 38.bxa5 Ra4 39.e6 fxe6 40.Rxe6 R4xa5 41.Rc5 h6  1/2-1/2

[Event "TCh-SLO"]
[Site "Celje SLO"]
[Date "2003.11.21"]
[Round "7"]
[White "Jeric,S"]
[Black "Zorko,Jo"]
[Result "1-0"]
[WhiteElo "2290"]
[BlackElo "2121"]

1.e4 c5 2.c3 Nf6 3.e5 Nd5 4.d4 cxd4 5.Nf3 Nc6 6.cxd4 d6 7.Bc4 Nb6 8.Bb3 dxe5
9.d5 Na5 10.Nc3 Nxb3 11.Qxb3 e6 12.dxe6 Bxe6 13.Qb5+ Qd7 14.Qxe5 Bd6 15.Qxg7 O-O-O
16.Bg5 Bc4 17.O-O-O Rhg8 18.Qd4 Rxg5 19.Nxg5 Qf5 20.Nh3 Rd7 21.Rhe1 Kc7 22.Qe4 Qa5
23.Qc2 Be6 24.Re4 Kb8 25.Red4 Nc4 26.Qa4 Qc5 27.Ne4 Qc7 28.Kb1 Na3+ 29.bxa3 Qb6+
30.Kc2 Rc7+ 31.Kd3 Bd7 32.Qb3 Bb5+ 33.Ke3 Be5 34.a4 Qh6+ 35.f4 Bxd4+ 36.Rxd4 Bd7
37.Qd3 Bxh3 38.gxh3 Qxh3+ 39.Ng3 Qe6+ 40.Qe4 Qc6 41.Qd5  1-0

[Event "TCh-SLO"]
[Site "Celje SLO"]
[Date "2003.11.22"]
[Round "8"]
[White "Mikac,M"]
[Black "Mazi,L"]
[Result "1/2-1/2"]
[WhiteElo "2358"]
[BlackElo "2422"]

1.e4 c5 2.c3 Nf6 3.e5 Nd5 4.Nf3 Nc6 5.d4 cxd4 6.cxd4 d6 7.Bc4 Nb6 8.Bb5 Bd7
9.exd6 exd6 10.Nc3 Be7 11.d5 Nb4 12.Bxd7+ Qxd7 13.O-O O-O 14.Be3 Nc4 15.Bd4  1/2-1/2

[Event "TCh-SLO"]
[Site "Celje SLO"]
[Date "2003.11.23"]
[Round "9"]
[White "Stevic,H"]
[Black "Pavlovic,Mi"]
[Result "1-0"]
[WhiteElo "2555"]
[BlackElo "2593"]

1.e4 c5 2.c3 Nf6 3.e5 Nd5 4.d4 cxd4 5.Nf3 e6 6.cxd4 d6 7.Bc4 Be7 8.O-O O-O
9.exd6 Qxd6 10.Nc3 Nxc3 11.bxc3 b6 12.Qe2 Bb7 13.Bd3 Nd7 14.a4 Qc7 15.Bd2 Bd6
16.a5 bxa5 17.Rfb1 Rab8 18.Rb5 Bxf3 19.Qxf3 Rxb5 20.Bxb5 Nf6 21.c4 Bxh2+
22.Kh1 Bd6 23.Bxa5 Qb8 24.Bd2 Rd8 25.Bg5 Be7 26.Bf4 Qb6 27.Be3 h5 28.Ra6 Qb8
29.Bf4 Qc8 30.Rxa7 e5 31.Bxe5 Qe6 32.Ra6 Qg4 33.Ra8 Rxa8 34.Qxa8+ Kh7 35.Qf3 Qg6
36.g3 Ng4 37.Bd7 Nxe5 38.dxe5 Kh6 39.Be8 Bc5 40.Bxf7 Qg4 41.Qc6+ g6 42.Qxc5 Qf3+
43.Kh2 Qxf7 44.e6 Qxe6 45.Qe3+ Qxe3 46.fxe3 Kg7 47.g4 Kf6 48.gxh5 gxh5 49.Kh3 Ke5
50.Kh4 Kd6 51.e4  1-0

[Event "Gufeld Memorial"]
[Site "Burbank USA"]
[Date "2003.11.26"]
[Round "9"]
[White "Sevillano,E"]
[Black "Ortiz,E PHI"]
[Result "1/2-1/2"]
[WhiteElo "2498"]
[BlackElo "2310"]

1.e4 c5 2.c3 Nf6 3.e5 Nd5 4.d4 cxd4 5.Nf3 Nc6 6.Bc4 Nb6 7.Bb3 d5 8.exd6 Qxd6
9.O-O Be6 10.Bxe6 Qxe6 11.Nxd4 Qd7 12.Nxc6 Qxc6 13.a4 Rd8 14.Qc2 e6 15.Nd2 Be7
16.Nf3 Rd5 17.Rd1 Rxd1+ 18.Qxd1 O-O  1/2-1/2

[Event "13th WSen"]
[Site "Bad Zwischenahn GER"]
[Date "2003.11.27"]
[Round "9"]
[White "Rahls,P"]
[Black "Chernikov,O"]
[Result "1-0"]
[WhiteElo "2341"]
[BlackElo "2453"]

1.e4 c5 2.c3 Nf6 3.e5 Nd5 4.d4 cxd4 5.cxd4 d6 6.Nf3 Nc6 7.Bc4 Nb6 8.Bb3 e6
9.Qe2 dxe5 10.dxe5 Nb4 11.O-O Qd3 12.Qxd3 Nxd3 13.Nc3 Bd7 14.Rd1 Nc5 15.Be3 Rc8
16.Bxc5 Bxc5 17.a4 Bc6 18.a5 Nd7 19.Ba4 Ke7 20.Bxc6 Rxc6 21.Ra4 a6 22.h4 b5
23.Rf4 Rd8 24.Ne4 Nxe5 25.Rxd8 Nxf3+ 26.Rxf3 Kxd8 27.Rc3 Bxf2+ 28.Kxf2 Kd7
29.Ke3 Rxc3+ 30.bxc3 Kc6 31.Ng5 Kd5 32.Nxf7 Kc4 33.Kd2 b4 34.cxb4 Kxb4 35.Ng5 Kxa5
36.Nxe6 Kb4 37.Nxg7 Kc4 38.Nf5 Kd5 39.Ke3 Ke5 40.Nd4 h5 41.Nb3 Ke6 42.Kf4 Kf6
43.Na5  1-0

[Event "34th NCC"]
[Site "Philadelphia USA"]
[Date "2003.11.28"]
[Round "2"]
[White "Bendich,I"]
[Black "Strenzwilk,D"]
[Result "1/2-1/2"]
[WhiteElo "2172"]
[BlackElo "2130"]

1.e4 c5 2.c3 Nf6 3.e5 Nd5 4.d4 cxd4 5.Nf3 d6 6.cxd4 Nc6 7.Bc4 Nb6 8.Bxf7+ Kxf7
9.e6+ Kg8 10.d5 Ne5 11.Nc3 g6 12.O-O Bg7 13.Nd4 h6 14.f4 Ng4 15.f5 Nf6 16.Nde2 g5
17.Qd3 Qc7 18.b3 Nbxd5 19.Nxd5 Nxd5 20.Rb1 Nc3 21.Rb2 Nxe2+ 22.Rxe2 Qc3 23.Qb1 Bf6
24.Bb2 Qc5+ 25.Kh1 Kg7 26.Rc2 Qa5 27.Qd1 h5 28.Qc1 Kh7 29.Bxf6 exf6 30.Rc7+ Kh6
31.Rf7 Qe5 32.Qc7 h4 33.Qe7 h3 34.Qxf6+ Qxf6 35.Rxf6+ Kh5  1/2-1/2

[Event "Cultural Village"]
[Site "Wijk aan Zee NED"]
[Date "2003.11.30"]
[Round "6"]
[White "Tan,Kev"]
[Black "Ris,R"]
[Result "1-0"]
[WhiteElo "2294"]
[BlackElo "2297"]

1.e4 c5 2.c3 Nf6 3.e5 Nd5 4.d4 cxd4 5.Nf3 Nc6 6.Bc4 e6 7.cxd4 d6 8.O-O Be7
9.exd6 Qxd6 10.Nc3 Nxc3 11.bxc3 O-O 12.Re1 b6 13.Ng5 Bb7 14.Nxh7 Kxh7 15.Qh5+ Kg8
16.Re3 g6 17.Qh6 Bf6 18.Rh3 Rfe8 19.Qh7+ Kf8 20.Rf3 Ke7 21.Rxf6 Nd8 22.Bg5 Kd7
23.Bb5+ Bc6 24.Rxf7+ Nxf7 25.Qxf7+ Kc8 26.Ba6+  1-0

[Event "Cultural Village"]
[Site "Wijk aan Zee NED"]
[Date "2003.12.01"]
[Round "7"]
[White "Afek,Y"]
[Black "Bezemer,A"]
[Result "1-0"]
[WhiteElo "2376"]
[BlackElo "2355"]

1.e4 c5 2.c3 Nf6 3.e5 Nd5 4.Nf3 e6 5.Bc4 d6 6.O-O Nc6 7.d4 cxd4 8.cxd4 Be7
9.Re1 O-O 10.exd6 Qxd6 11.Nc3 a6 12.Bd3 Nf6 13.a3 Rd8 14.Be3 b5 15.Rc1 Bb7
16.Bb1 Rac8 17.b4 e5 18.d5 Nxd5 19.Nxd5 Qxd5 20.Qxd5 Rxd5 21.Be4 Rdd8 22.Bb6 Rf8
23.Bf5 Ra8 24.Be4 Rac8 25.Nxe5 Nxe5 26.Bxb7 Rxc1 27.Rxc1 Nc4 28.Bc5 Bg5 29.Bxf8 Bxc1
30.Bc5 a5 31.bxa5 Nxa5 32.Bd5 Bd2 33.Bb4 Nc4 34.Bxc4 Bxb4 35.axb4 bxc4 36.Kf1 Kf8
37.Ke2  1-0

[Event "Kurent Men"]
[Site "Ptuj SLO"]
[Date "2003.12.03"]
[Round "6"]
[White "Koziak,V"]
[Black "Podkriznik,G"]
[Result "1/2-1/2"]
[WhiteElo "2460"]
[BlackElo "2341"]

1.e4 c5 2.c3 Nf6 3.e5 Nd5 4.d4 cxd4 5.Nf3 e6 6.cxd4 b6 7.Nc3 Nxc3 8.bxc3 Qc7
9.c4 Bb4+ 10.Bd2 Bxd2+ 11.Nxd2 Bb7 12.Bd3 d6 13.Qg4 Nd7 14.O-O dxe5 15.Qxg7 O-O-O
16.Qxf7 exd4 17.Be4 Nc5 18.Qxc7+ Kxc7 19.Bxb7 Kxb7 20.Rae1 Rd6 21.f4 Rc8
22.Rf3 Na4 23.Re5 Nb2 24.Rh5 Rd7 25.Rfh3 Rcc7 26.c5 d3 27.cxb6 Rc2 28.Rxh7 Rxh7
29.Rxh7+ Kxb6 30.Nf3 d2 31.Nxd2 Rxd2 32.Rh6 Nd3 33.Rxe6+ Kc5 34.g3 Rxa2 35.h4 Kd5
36.Re7 Kd6 37.Re8 Nxf4 38.gxf4 Ra4 39.Rf8 Ke7  1/2-1/2

[Event "ch-IND National A"]
[Site "Calicut IND"]
[Date "2003.12.06"]
[Round "5"]
[White "Ravi,Th"]
[Black "Suvrajit,S"]
[Result "0-1"]
[WhiteElo "2380"]
[BlackElo "2387"]

1.e4 c5 2.c3 Nf6 3.e5 Nd5 4.d4 cxd4 5.Nf3 Nc6 6.cxd4 d6 7.Bc4 e6 8.O-O Be7
9.Qe2 O-O 10.Rd1 Na5 11.Bxd5 exd5 12.Nc3 Be6 13.Bf4 a6 14.h3 Re8 15.exd6 Bxd6
16.Bxd6 Qxd6 17.Re1 f6 18.Qd3 Qd7 19.b3 b5 20.Qd2 Nb7 21.Re2 Bf7 22.Rxe8+ Rxe8
23.Re1 Nd6 24.Qf4 Re6 25.Rxe6 Qxe6 26.Kf1 g5 27.Qd2 Be8 28.h4 b4 29.Nd1 Bb5+
30.Kg1 g4 31.Ne1 Nf5 32.Nc2 a5 33.Qf4 Nxh4 34.Nce3 Be2 35.Qb8+ Kg7 36.Qc7+ Kg8
37.Qd8+ Kg7 38.Qc7+ Kh6 39.Qc1 Bxd1 40.Nf5+ Kg6 41.Nxh4+ Kh5 42.Qxd1 Kxh4
43.Qc1 Kh5 44.g3 Kg6 45.Qc5 h5 46.Qxa5 Qe1+ 47.Kg2 Qe4+ 48.Kg1 Qxd4 49.Qd8 Qd1+
50.Kg2 Qf3+ 51.Kg1 Qe4 52.Qg8+ Kf5 53.Qh7+ Ke6 54.Qxh5 Qe1+ 55.Kg2 Qe4+ 56.Kg1 Ke7
57.Qh6 Qe1+ 58.Kg2 Qe4+ 59.Kg1 d4 60.Qg7+ Ke6 61.Qg8+ Ke7 62.Qg7+ Ke8 63.Qg8+ Kd7
64.Qf7+ Qe7 65.Qd5+ Qd6 66.Qb7+ Ke8 67.Qc8+ Ke7 68.Qxg4 d3 69.Qe4+ Kf8 70.Qa8+ Kg7
71.Qf3 d2 72.Qd1 Kf8 73.Kf1 Qd3+ 74.Kg2 Qe4+ 75.Kf1 Qd3+ 76.Kg2 Ke7 77.Kg1 Kd6
78.Kg2 Kc5 79.Kg1 f5 80.f3 Kd4 81.Kf2 Kc3 82.g4 Qd4+ 83.Ke2 Qe5+ 84.Kf1 Qb5+
85.Kf2 Qc5+ 86.Kf1 fxg4 87.fxg4 Qe3 88.a4 bxa3 89.Qa1+ Kb4 90.Kg2 Qe2+  0-1

[Event "It Resort and Casino"]
[Site "Decameron DOM"]
[Date "2003.12.07"]
[Round "2"]
[White "Alvarado,N"]
[Black "Ramirez,Al"]
[Result "0-1"]
[WhiteElo "2318"]
[BlackElo "2483"]

1.e4 c5 2.c3 Nf6 3.e5 Nd5 4.d4 cxd4 5.Nf3 e6 6.cxd4 d6 7.Nc3 Nxc3 8.bxc3 Qc7
9.Bd2 Nd7 10.exd6 Bxd6 11.Bd3 b6 12.O-O Bb7 13.h3 O-O 14.Re1 Bf4 15.Bxf4 Qxf4
16.Qd2 Qxd2 17.Nxd2 Rac8 18.c4 Rfd8 19.a4 Nb8 20.Nb3 Nc6 21.Red1 Nb4 22.Be2 Be4
23.Rd2 Bc2 24.Nc1 a5 25.Na2 Nxa2 26.Rxc2 Nb4 27.Rd2 Kf8 28.f4 Rd6 29.Kf2 Rcd8
30.Rad1 Ke7 31.g4 h6 32.h4 g5 33.fxg5 hxg5 34.h5 f5 35.Bf3 f4 36.Be4 e5 37.d5 Na6
38.Re1 Kf6 39.Rde2 Re8 40.h6 Nc5 41.Bc2 Rdd8 42.h7 Re7 43.Rh1 Kg7 44.Kf3 Kh8
45.Rhe1 e4+ 46.Bxe4 Nxa4 47.Bf5 Rxe2 48.Rxe2 Nc5 49.Rb2 a4 50.Rxb6 a3 51.Bb1 Nd7
52.Re6 Rb8 53.Ba2 Rb2 54.Re8+ Kxh7 55.Re7+ Kg6 56.Rxd7 Rxa2 57.Rd6+ Kf7 58.Ra6 Ra1
59.Ke4 a2 60.Kf5 f3 61.Kxg5 Ke7 62.c5 f2 63.Ra7+ Kd8 64.Ra8+ Kc7 65.d6+ Kb7
66.d7 Rd1  0-1

[Event "22nd SEA Games Team Standard"]
[Site "Ho Chi Minh City VIE"]
[Date "2003.12.07"]
[Round "2"]
[White "Nguyen Anh Dung"]
[Black "Wynn Zaw Htun"]
[Result "1-0"]
[WhiteElo "2540"]
[BlackElo "2400"]

1.e4 c5 2.c3 Nf6 3.e5 Nd5 4.d4 cxd4 5.Nf3 e6 6.cxd4 b6 7.Bd3 Ba6 8.Bxa6 Nxa6
9.O-O Be7 10.Nbd2 O-O 11.Ne4 f5 12.exf6 Nxf6 13.Nxf6+ Bxf6 14.Bf4 Nc7 15.Rc1 Nd5
16.Bg3 d6 17.Qa4 Qe7 18.Qa3 Rad8 19.Rc6 Qb7 20.Rfc1 Be7 21.h3 Qd7 22.Nd2 Kh8
23.Ne4 e5 24.Qb3 Nf4 25.Bxf4 Rxf4 26.Rc7 Qe8 27.Qe6 Rxe4 28.Rxe7 Qf8 29.Rf7 Qg8
30.d5 Rf4 31.Rxa7 Qf8 32.Rd7 Re8 33.Qxd6 Rxf2 34.Qxb6 Rf6 35.Qe3 h6 36.Rdc7 e4
37.R7c4 Qe7 38.Re1  1-0

[Event "TCh-AUT B Mitte 2003-4"]
[Site "Trofaiach AUT"]
[Date "2003.12.07"]
[Round "4"]
[White "Kranzl,P"]
[Black "Ceschia,I"]
[Result "1-0"]
[WhiteElo "2246"]
[BlackElo "2376"]

1.e4 c5 2.c3 Nf6 3.e5 Nd5 4.d4 cxd4 5.Qxd4 e6 6.Nf3 Nc6 7.Qe4 Qc7 8.Nbd2 f5
9.exf6 Nxf6 10.Qh4 d5 11.Bd3 e5 12.Bg6+ hxg6 13.Qxh8 e4 14.Ng5 Bf5 15.Qh4 O-O-O
16.O-O Bd6 17.Nb3 Ng4 18.h3 Nh6 19.f4 Bd7 20.Qf2 Nf5 21.Nf7 Re8 22.Nxd6+ Qxd6
23.Be3 b6 24.a4 Nxe3 25.Qxe3 Ne7 26.Nd4 Nf5 27.Nxf5 gxf5 28.a5 Qc5 29.Kf2 Kb7
30.Rfd1 Be6 31.h4 Qxe3+ 32.Kxe3 Bc8 33.g3 g6 34.Rg1 Re6 35.b4 Bd7 36.g4 fxg4
37.Rxg4 Be8 38.Rg5 Kc6 39.b5+ Kc7 40.Rxd5  1-0

[Event "TCh-AUT B Mitte 2003-4"]
[Site "Trofaiach AUT"]
[Date "2003.12.07"]
[Round "4"]
[White "Tober,G"]
[Black "Krebs,Jo"]
[Result "1-0"]
[WhiteElo "2278"]
[BlackElo "2276"]

1.e4 c5 2.c3 Nf6 3.e5 Nd5 4.d4 cxd4 5.cxd4 d6 6.Nf3 Nc6 7.Bc4 Nb6 8.Bb5 dxe5
9.Nxe5 Bd7 10.Nxd7 Qxd7 11.Nc3 e6 12.O-O Be7 13.Qg4 O-O 14.Rd1 f5 15.Qf3 Rfd8
16.Bf4 Rac8 17.Qg3 Bf6 18.Be5 Qe7 19.Bxc6 Rxc6 20.h3 Bh4 21.Qf3 Nd5 22.Nxd5 Rxd5
23.Rac1 Bf6 24.Rxc6 bxc6 25.Rc1 Bxe5 26.dxe5 Qc7 27.Re1 Qa5 28.Rc1 c5 29.Qe3 Qb4
30.b3 f4 31.Qe2 Qd4 32.Rc4 Qa1+ 33.Kh2 Rxe5 34.Qf3 g5 35.Qb7 Re1 36.g4 fxg3+
37.Kxg3 Qe5+ 38.Kg2 Qa1 39.Rxc5 Rc1 40.Qc8+ Kg7 41.Rxc1  1-0

[Event "TCh-BEL 2003-4"]
[Site "Belgium BEL"]
[Date "2003.12.08"]
[Round "4"]
[White "Feygin,M"]
[Black "Golubev,M"]
[Result "1/2-1/2"]
[WhiteElo "2491"]
[BlackElo "2536"]

1.e4 c5 2.c3 Nf6 3.e5 Nd5 4.d4 cxd4 5.Qxd4 e6 6.Nf3 Nc6 7.Qe4 d6 8.Nbd2 dxe5
9.Nxe5 Nxe5 10.Qxe5 Bd7 11.Ne4 Bc6 12.Be2 Qc7 13.Qxc7 Nxc7 14.Bf3 Nd5 15.a3 O-O-O
16.Ng5 Be8 17.c4 Nb6 18.Be3 h6 19.Ne4 Bc6 20.Rc1 g5 21.Nd2 Bxf3 22.Nxf3 Bg7
23.Rc2 Na4 24.b3 Nc3 25.O-O g4 26.Nh4 Rd3 27.Bxa7  1/2-1/2

[Event "TCh-BEL 2003-4"]
[Site "Belgium BEL"]
[Date "2003.12.08"]
[Round "4"]
[White "Van der Linde,Ma"]
[Black "Van Uytven,E"]
[Result "1/2-1/2"]
[WhiteElo "2269"]
[BlackElo "2169"]

1.e4 c5 2.c3 Nf6 3.e5 Nd5 4.Nf3 e6 5.Bc4 d6 6.d4 cxd4 7.cxd4 Nc6 8.O-O Be7
9.Nbd2 dxe5 10.dxe5 Na5 11.Bb5+ Bd7 12.Qa4 Nc6 13.Qg4 g6 14.Bc4 Qc7 15.Re1 Ndb4
16.Rb1 Na5 17.a3 h5 18.Qe4 Bc6 19.Qe2 Nc2 20.Rd1 Bxf3 21.gxf3 Nd4 22.Bb5+ Nac6
23.Bxc6+ Qxc6 24.Qe4 Qxe4 25.fxe4 O-O-O 26.Kg2 Nc6 27.b4 Rd3 28.Re1 Rhd8
29.Nc4 R3d4 30.Nd6+ Bxd6 31.exd6 R4xd6 32.b5 Ne5 33.Bf4 Nd3 34.Rec1+ Nxc1
35.Rxc1+ Kd7 36.Bxd6 Kxd6 37.f4 Ke7 38.Rc7+ Rd7 39.Rc8 Kd6 40.e5+ Kd5 41.Kf3 Kd4
42.a4 Kd3 43.a5 Rd5  1/2-1/2

[Event "ch-IND National A"]
[Site "Calicut IND"]
[Date "2003.12.09"]
[Round "9"]
[White "Ravi,Th"]
[Black "Prathamesh,S"]
[Result "0-1"]
[WhiteElo "2380"]
[BlackElo "2379"]

1.e4 c5 2.c3 Nf6 3.e5 Nd5 4.d4 cxd4 5.Nf3 e6 6.cxd4 d6 7.Bc4 Nc6 8.O-O Be7
9.Qe2 O-O 10.a3 Qb6 11.Qe4 dxe5 12.dxe5 Rd8 13.Bd3 g6 14.Nbd2 Qc7 15.Nc4 b5
16.Ncd2 a6 17.Re1 Bb7 18.Qg4 Nb6 19.Bb1 Nd7 20.Qg3 Rac8 21.Nf1 Nc5 22.Ng5 Nd4
23.Qh3 h5 24.Ng3 Qc6 25.N5e4 h4 26.Bg5 Bxg5 27.Nxg5 Qxg2+ 28.Qxg2 Bxg2 29.Kxg2 Ndb3
30.Ra2 hxg3 31.hxg3 a5 32.Rh1 Nd3 33.Bxd3 Rxd3 34.Ne4 Rcd8 35.Nd6 Rd5 36.f4 Kg7
37.a4 b4 38.Re1 Rd3 39.Ne4 Rd1 40.Re3 R8d3 41.Kf2 Rxe3 42.Kxe3 Kf8 43.Ke2 Rd5
44.Ke3 Ke7 45.Nf2 Kd7 46.Nd3 Rxd3+ 47.Kxd3 Nc1+ 48.Kc2 Nxa2 49.Kb3 Nc1+  0-1

[Event "22nd SEA Games Standard"]
[Site "Ho Chi Minh City VIE"]
[Date "2003.12.09"]
[Round "3"]
[White "Lim Yee Weng"]
[Black "Wynn Zaw Htun"]
[Result "1-0"]
[WhiteElo "2274"]
[BlackElo "2400"]

1.e4 c5 2.c3 Nf6 3.e5 Nd5 4.d4 cxd4 5.Nf3 e6 6.cxd4 b6 7.Nc3 Nxc3 8.bxc3 Qc7
9.Bd2 d6 10.Bd3 Nd7 11.O-O dxe5 12.Ng5 Bb7 13.Qh5 g6 14.Qh3 Bg7 15.Rae1 Qd6
16.f4 e4 17.Nxe4 Bxe4 18.Bxe4 Rd8 19.f5 O-O 20.Bg5 Rc8 21.f6 Bh8 22.Re3 e5
23.Qh6 Rfe8 24.Bxg6  1-0

[Event "22nd SEA Games Standard"]
[Site "Ho Chi Minh City VIE"]
[Date "2003.12.10"]
[Round "5"]
[White "Lim Yee Weng"]
[Black "Wu Shaobin"]
[Result "1/2-1/2"]
[WhiteElo "2274"]
[BlackElo "2528"]

1.e4 c5 2.c3 Nf6 3.e5 Nd5 4.d4 cxd4 5.Nf3 e6 6.cxd4 d6 7.Bc4 Nb6 8.Bd3 Nc6
9.O-O dxe5 10.dxe5 Nb4 11.Be4 Qxd1 12.Rxd1 N4d5 13.Bd2 Be7 14.Nc3 O-O 15.Nxd5 exd5
16.Bd3 Bg4 17.Be3 Nc4 18.Bxc4 dxc4 19.Rd4 Be6 20.Ng5 Bxg5 21.Bxg5 Rfc8 22.Bd2 Rd8
23.Bc3 Rxd4 24.Bxd4 b6 25.Bc3 Rd8 26.Kf1 h5 27.Ke2 Bf5 28.Rd1 Bd3+ 29.Ke3 Kh7
30.h4 Kg6 31.Kf4 Re8 32.Re1 Re6 33.f3 Re7 34.a3  1/2-1/2